U.S. Counties by Population - Statistics

General Stats
  • This quiz has been taken 41 times
  • The average score is 12 of 20
Answer Stats
Hint Answer % Correct
California Los Angeles
92%
Washington King
81%
Texas Dallas
77%
Arizona Maricopa
77%
Florida Miami-Dade
73%
New York Queens
73%
Illinois Cook
69%
California Orange
69%
California San Diego
69%
Nevada Clark
62%
Texas Harris
58%
New York Kings
58%
Michigan Wayne
58%
Texas Bexar
50%
Florida Broward
42%
California San Bernardino
42%
California Santa Clara
42%
Texas Tarrant
42%
California Alameda
38%
California Riverside
38%
No matching quizzes found
Score Distribution
Percent of People with Each Score
Percentile by Number Answered
Your Score History
You have not taken this quiz